El tercer polo : ascensión al Everest /

Memorias sobre su ascensión al Everest de la coahuilense Karla S. Wheelock Aguayo, abogada y montañista de alto rendimiento. Junto con su entrenador y esposo Ivan Loredo Vital ha escalado en forma extensa los Alpes del Sur en Nueva Zelanda, en Alaska, en los Andes (Argentina), en Bolivia, Ecuador y...

Πλήρης περιγραφή

Αποθηκεύτηκε σε:
Λεπτομέρειες βιβλιογραφικής εγγραφής
Κύριος συγγραφέας: Wheelock Aguayo, Karla S. (texto y fotografía)
Άλλοι συγγραφείς: Loredo Vidal, Ivan (fotógrafo) (fotógrafo), Fuentes Aguirre, Armando (prólogo) (prólogo)
Μορφή: Βιβλίο
Γλώσσα:Ισπανικά
Έκδοση: Guadalajara, México : Amaroma, 2000, c2000
Θέματα:
Ετικέτες: Προσθήκη ετικέτας
Δεν υπάρχουν, Καταχωρήστε ετικέτα πρώτοι!

MARC

LEADER 00000nam^a2200000^a^4500
001 000175958
005 20250521000000.0
009 20260310101623.338
020 |a 970-92410-2-8 
037 |a Acervo ITESO - Biblioteca 
041 |a ESP 
082 |a 796. 092  |b WHE 
100 |a Wheelock Aguayo, Karla S.  |e (texto y fotografía) 
245 1 3 |a El tercer polo :  |b ascensión al Everest /  |c K.S. Wheelock Aguayo ; fotografía de K.S. Wheelock Aguayo, I. Loredo Vidal ; presen. de A. Fuentes Aguirre. 
264 4 |a Guadalajara, México :  |b Amaroma,  |c 2000, c2000 
300 |a 121 p. 
336 |a texto  |b txt  |2 rdacontenido 
337 |a sin mediación  |b n  |2 rdamedio 
338 |a volumen  |b nc  |2 rdasoporte 
520 |a Memorias sobre su ascensión al Everest de la coahuilense Karla S. Wheelock Aguayo, abogada y montañista de alto rendimiento. Junto con su entrenador y esposo Ivan Loredo Vital ha escalado en forma extensa los Alpes del Sur en Nueva Zelanda, en Alaska, en los Andes (Argentina), en Bolivia, Ecuador y en el Himalaya. Colabora actualmente con el programa Alerta T de prevención de lesiones de cerebro y médula espinal de la Fundación Piensa Primero. 
649 |a XX 
650 |a Alpinistas Mexicanos -  |x Memorias 
650 |a Deportistas Mexicanos -  |x Memorias 
650 |a Mujeres Mexicanas -  |x Memorias 
650 |a Monte Everest -  |x Descripción 
650 |a Monte Everest -  |x Fotografías 
650 |a Alpinismo -  |z Himalaya 
650 |a Deportes -  |z México -  |x Historia -  |y Siglo XX 
650 |a Himalaya -  |x Descripción 
650 |a Viajes y Travesías -  |z Nepal 
650 |a Wheelock Aguayo, Karla S. 
700 |a Loredo Vidal, Ivan  |e (fotógrafo) 
700 |a Fuentes Aguirre, Armando  |e (prólogo) 
910 |a Fondo General 
920 |a Impresos - Libros 
930 |a Reserva Especial 
905 |a 103 
901 |a 0500113886  |b IT1  |c REE  |u 20250521 
902 |a https://opac.biblio.iteso.mx/vufind/Record/000175958